La noche de San Juan

Salvato in:
Dettagli Bibliografici
Autore principale: Eliade, Mircea (Autore)
Natura: Libro
Lingua:spagnolo
Pubblicazione: Barcelona Herder 1998
Soggetti:
Tags: Aggiungi Tag
Nessun Tag, puoi essere il primo ad aggiungerne!!

MARC

LEADER 00000nam a2200000 a 4500
001 UCQ8176
003 CL-VaPUC
008 981127e19980000SP |||||||||||||||||spa|d
082 0 4 |a 859.03  |b ELI  |2 21 
100 0 |a Eliade, Mircea  |e author  |9 422001 
245 1 3 |a La noche de San Juan 
300 |a 614 p 
942 |c BK 
945 |d 19981127 00:00:00  |a aarredon 
260 |a Barcelona  |b Herder  |c 1998 
650 0 |a Novelas rumanas  |9 311526 
650 0 |a Literatura rumana   |9 419058 
583 |a last modification  |c 19981127 00:00:00  |k Rodrigo Vera 
999 |c 277469  |d 277467 
952 |0 0  |1 0  |4 0  |6 859_030000000000000_ELI_1998  |7 0  |8 P  |9 315410  |a BIBARQ  |b BIBARQ  |d 2019-11-20  |i 3484130  |o 859.03 ELI 1998  |p 3484130  |r 2025-01-20  |w 2019-11-20  |y BK  |k ARQ